Žalostiwý Nářek Děwčat, které se letos nemohly wdáti

Podrobná bibliografia
Korporatívny autor: Škarnicel, Jozef (Skalica, Slovensko) (Tlačiar)
Ďalší autori: Škarnicel, Jozef, 1804-1877 (Tlačiar)
Médium: Kniha
Jazyk:slovenčina
PhysicalDescription:[8] s. 11 cm
Vydavateľské údaje: W Skalicy u F. X. Škarnycla Synů 1875
Predmet:

MARC

LEADER 00000nam a2200000 a 4500
001 vtls011751414
003 SK-MaSNL
005 20260301095451.0
008 200205s1875 xo a 0 an0 slo
015 |a SNBHFA1875 
035 |a urn:nbn:sk:snk-am00d6bb 
035 |a urn:nbn:sk:snk-am3hr56 
035 |a 48E94E2A-5337-4752-AF53-ED805010234A 
040 |a SNKHF  |b slo  |c SNK  |e AACR2 
041 0 |a slo 
044 |a xo  |c SK 
072 7 |a 09  |x Rukopisy, prvotlače, staré tlače. Vzácne a pozoruhodné diela  |2 konspekt 
080 |a 098:398.51  |2 1981 
130 0 |a Žalostiwý  |9 430869 
245 1 0 |a Žalostiwý Nářek Děwčat, které se letos nemohly wdáti 
260 |a W Skalicy  |b u F. X. Škarnycla Synů  |c 1875 
300 |a [8] s.  |c 11 cm 
500 |a Titulná strana s drevorezom 
501 |a Prív. 8. k: Swětská Pjseň Mladencům a Pannám k wýstraze wydaná. W Skalicy : u Skarnicla Synů, 1875.  |5 SNK SE 143/1-24/prív.8 
546 |a Slovenčina  |b Fraktúra 
650 0 7 |a jarmočné tlače  |2 SNKPH  |9 256383 
700 1 |a Škarnicel, Jozef,  |d 1804-1877  |4 prt  |9 169168 
710 0 |a Škarnicel, Jozef (Skalica, Slovensko)  |4 prt  |9 271317 
752 |a Slovensko  |d Skalica 
852 |a SNK  |p SE 143/1-24/prív.8 
958 |a ONDV 
999 |c 683213  |d 685143 
952 |a SNK  |b SNK  |y PREZ  |7 0  |p 17A1300506  |o snkSE 143/1-24/prív.8  |i snk4720/28  |0 0  |1 0  |4 0  |d 2018-04-17  |f 1  |l 0  |r 2026-02-23 20:03:29  |w 2026-02-23